Dictionar de próverbe spaniol, portughez, roman

Պահպանված է:
Մատենագիտական մանրամասներ
Հիմնական հեղինակ: Ghitescu, Micaela
Ձևաչափ: Գիրք
Լեզու:Undetermined
Հրապարակվել է: Bucarest, Rumania Stiintifica si enciclopedica 1980
Խորագրեր:
Ցուցիչներ: Ավելացրեք ցուցիչ
Չկան պիտակներ, Եղեք առաջինը, ով նշում է այս գրառումը!

MARC

LEADER 00000nam a2200000Ia 4500
008 170316s9999 xx 000 0 und d
999 |c 14775  |d 14775 
040 |a cru BVZT 
090 |a R-413 G-2g ITA-ESP-POT-ROM 
100 |a Ghitescu, Micaela 
245 |a Dictionar de próverbe spaniol, portughez, roman 
260 |a Bucarest, Rumania 
260 |b Stiintifica si enciclopedica 
260 |c 1980 
300 |a 148 páginas 
650 |a REFERENCIA  |9 27 
942 |c REF  |2 z